Samaksha; Vimarsha lekhanagalu (Record no. 215013)

MARC details
000 -LEADER
fixed length control field 00653nam a2200217Ia 4500
003 - CONTROL NUMBER IDENTIFIER
control field OSt
005 - DATE AND TIME OF LATEST TRANSACTION
control field 20251127114059.0
008 - FIXED-LENGTH DATA ELEMENTS--GENERAL INFORMATION
fixed length control field 210719s2007 xx 000 0 und d
040 ## - CATALOGING SOURCE
Transcribing agency AL
041 ## - LANGUAGE CODE
Language code of text/sound track or separate title Kannada
082 ## - DEWEY DECIMAL CLASSIFICATION NUMBER
Classification number K894.9 LINS
100 ## - MAIN ENTRY--PERSONAL NAME
Personal name LINGANNA GONALA
Dates associated with a name ಲಿಂಗಣ್ಣ ಗೋನಾಳ
9 (RLIN) 246977
245 ## - TITLE STATEMENT
Title Samaksha; Vimarsha lekhanagalu
Remainder of title ಸಮಕ್ಷ : ವಿಮರ್ಶಾ ಲೇಖನಗಳು
260 ## - PUBLICATION, DISTRIBUTION, ETC.
Place of publication, distribution, etc. Kalaburgi
Date of publication, distribution, etc. 2007
300 ## - PHYSICAL DESCRIPTION
Extent 120
Other physical details PB
365 ## - TRADE PRICE
Price amount 95
Currency code Rs
650 ## - SUBJECT ADDED ENTRY--TOPICAL TERM
Topical term or geographic name entry element Kannada Criticism
9 (RLIN) 246978
650 ## - SUBJECT ADDED ENTRY--TOPICAL TERM
Topical term or geographic name entry element Kannada Criticism
9 (RLIN) 246978
906 ## - LOCAL DATA ELEMENT F, LDF (RLIN)
a lekhanagalu ; Samaksha ; Vimarsha
942 ## - ADDED ENTRY ELEMENTS (KOHA)
Source of classification or shelving scheme Dewey Decimal Classification
Koha item type Book
Holdings
Withdrawn status Lost status Source of classification or shelving scheme Damaged status Not for loan Collection code Home library Current library Date acquired Source of acquisition Cost, normal purchase price Total Checkouts Full call number Barcode Date last seen Price effective from Koha item type
    Dewey Decimal Classification     Kannada St Aloysius Library St Aloysius Library 06/09/2009 General Annual 95.00   K894.9 LINS D03629 07/19/2021 07/19/2021 Donated Books